Korózia úložných zariadení 2005 zborník 14. medzinárodnej konferencie, 10.-11. máj 2005 Košice
| Corporate Author: | |
|---|---|
| Other Authors: | |
| Format: | Conference Proceeding Book |
| Language: | Slovak Czech English |
| PhysicalDescription: | 168 s. fotogr., sch., tab. 21 cm |
| Published: |
Košice
Technická univerzita
2005
|
| ISBN: | 8080732833 (brož.) |
| Edition: | 1. vyd. |
| Subjects: |
MARC
| LEADER | 00000nam a2200000 a 4500 | ||
|---|---|---|---|
| 001 | vtls008184053 | ||
| 003 | SK-MaSNL | ||
| 005 | 20260302074044.0 | ||
| 008 | 240123s2005 xo l f a 100 0 slo | ||
| 015 | |a SNBA2005/10-03958 | ||
| 020 | |a 8080732833 (brož.) | ||
| 035 | |a F5F1B18F-940A-45FD-815D-04372D7BACC1 | ||
| 035 | |a urn:nbn:sk:snk-aml6ps | ||
| 035 | |a urn:nbn:sk:snk-am008udg | ||
| 040 | |a SNK |b slo |c SNK |e AACR2 | ||
| 041 | 0 | |a slo |a cze |a eng |b slo |b eng | |
| 044 | |a xo |c SK | ||
| 072 | 7 | |a 620.1/.2 |x Náuka o materiáli |2 konspekt | |
| 080 | |a 620.197 |2 MDT-MRF | ||
| 080 | |a (063) |2 MDT-MRF | ||
| 080 | |a 620.193 |2 MDT-MRF | ||
| 111 | 2 | |a Korózia úložných zariadení |n (14. : |d 2005 : |c Košice, Slovensko) |9 79122 | |
| 245 | 1 | 0 | |a Korózia úložných zariadení 2005 |b zborník 14. medzinárodnej konferencie, 10.-11. máj 2005 Košice |c editor: Stanislav Tuleja |
| 246 | 3 | 1 | |a Corrosion of underground structures 2005 |
| 250 | |a 1. vyd. | ||
| 260 | |a Košice |b Technická univerzita |c 2005 | ||
| 300 | |a 168 s. |b fotogr., sch., tab. |c 21 cm | ||
| 500 | |a Čiast. text čes. a angl. | ||
| 504 | |a Bibliogr. odkazy | ||
| 506 | |a 200 výtl. | ||
| 546 | |a Res. slov. a angl | ||
| 650 | 0 | 7 | |a korózia |2 SNKPH |9 3937 |
| 650 | 0 | 7 | |a protikorózna ochrana |2 SNKPH |9 28802 |
| 655 | 7 | |a zborníky konferencií |2 SNKPH |9 70153 | |
| 700 | 1 | |a Tuleja, Stanislav, |d 1941- |4 edt |9 205455 | |
| 919 | |a 80-8073-283-3 | ||
| 958 | |a OND | ||
| 968 | |d 62 | ||
| 999 | |c 1163471 |d 1165401 | ||
| 952 | |a SNK |b SNK |y VYP |7 0 |p 17A0476066 |o snkSC 120696 D1 |i snk2005/18238 |8 0 |0 0 |1 0 |4 0 |d 2005-11-02 |l 0 |r 2026-02-24 20:40:29 |w 2026-02-24 | ||
| 952 | |a SNK |b SNK |y PREZ |7 0 |p 17A0479374 |o snkSC 120696 |i snk2005/12104 |8 0 |0 0 |1 0 |4 0 |d 2005-07-13 |f 1 |l 0 |r 2025-05-30 00:00:00 |w 2026-02-24 | ||


